[Event "Cto de Aragon por Equipos - Preferente Grupo II"]
[Site ""]
[Date "2022.03.19"]
[Round "8.52"]
[White "Sanjulian Arruga, Pablo"]
[Black "Carrasquer Alonso, Luis"]
[Result "1-0"]
[WhiteElo "1888"]
[BlackElo "1822"]
[PlyCount "0"]
[WhiteTeam "MyInvestor Casablanca C"]
[BlackTeam "Jaque - Pirenauto B"]
[EventDate "2022.01.29"]

1. c4 d6 2. Nc3 Nd7 3. e4 e5 4. g3 g6 5. Bg2 Bg7 6. Nge2 Ngf6 7. d3 O-O 8. O-O
Nc5 9. h3 c6 10. Be3 Qe7 11. Kh2 Nh5 12. g4 Nf4 13. Nxf4 exf4 14. Bxf4 Be5 15.
Bg3 Ne6 16. f4 Bg7 17. Qd2 Nd4 18. Rae1 Rb8 19. e5 dxe5 20. fxe5 Ne6 21. Ne4 b5
22. Nf6+ Kh8 23. Bxc6 bxc4 24. dxc4 Rd8 25. Qf2 Rb6 26. Nd5 Rxd5 27. cxd5 Nd8
28. Ba4 Ba6 29. d6 Qb7 30. Bb3 Bxf1 31. Qxf1 a5 32. Qc4 Rc6 33. Qe4 Qc8 34. Re2
Ne6 35. d7 Qc7 36. Rd2 Nd8 37. e6 Qb6 38. e7 1-0

[Event "Cto de Aragon por Equipos - Preferente Grupo II"]
[Site ""]
[Date "2022.03.19"]
[Round "8.53"]
[White "Montoro Mavilla, Sergio"]
[Black "Ruiz Fernandez, Daniel"]
[Result "1/2-1/2"]
[WhiteElo "1784"]
[BlackElo "1803"]
[PlyCount "0"]
[WhiteTeam "Jaque - Pirenauto B"]
[BlackTeam "MyInvestor Casablanca C"]
[EventDate "2022.01.29"]

1. e4 c5 2. Nf3 d6 3. Bb5+ Nc6 4. O-O Bd7 5. Re1 Nf6 6. c3 a6 7. Bf1 Bg4 8. h3
Bxf3 9. Qxf3 g6 10. Qd1 Qb6 11. Na3 Nd7 12. Nc4 Qa7 13. a4 Bg7 14. d3 Qb8 15.
Bf4 O-O 16. g4 b5 17. axb5 axb5 18. Ne3 Rxa1 19. Qxa1 Qb7 20. Bg2 b4 21. Nc4
Nce5 22. Nxe5 Nxe5 23. Rd1 Ra8 24. Qc1 bxc3 25. bxc3 c4 26. dxc4 Rc8 27. Be3
Rxc4 28. Bd4 Qc7 29. Qe3 Nd7 30. Bf1 Ra4 31. Bb5 Ra5 32. Bxd7 Qxd7 33. Bxg7
Kxg7 34. e5 Ra6 35. Qd4 Kg8 36. Rb1 Qc7 37. Re1 dxe5 38. Qxe5 Qxe5 39. Rxe5 e6
40. Rc5 Kf8 41. Kg2 Ra7 42. Re5 Rc7 43. Re3 Ke7 44. g5 Rc5 45. h4 Rc4 46. Kg3
Kd6 47. f3 e5 48. Rd3+ Ke6 49. Re3 Kf5 50. Rd3 Rc7 51. Rd6 e4 52. Rd5+ Ke6 53.
fxe4 Rxc3+ 54. Kf4 Rh3 55. Kg4 Re3 1/2-1/2

[Event "Cto de Aragon por Equipos - Preferente Grupo II"]
[Site ""]
[Date "2022.03.19"]
[Round "8.54"]
[White "Bello Cera, Raul"]
[Black "Vizcarra Susin, Sergio"]
[Result "0-1"]
[WhiteElo "1641"]
[BlackElo "1353"]
[PlyCount "0"]
[WhiteTeam "MyInvestor Casablanca C"]
[BlackTeam "Jaque - Pirenauto B"]
[EventDate "2022.01.29"]

1. e4 e5 2. Nf3 Nc6 3. Nc3 Nf6 4. d4 exd4 5. Nxd4 d6 6. Nxc6 bxc6 7. Bc4 Be7 8.
O-O O-O 9. Re1 Be6 10. Bxe6 fxe6 11. f4 e5 12. fxe5 dxe5 13. Qxd8 Raxd8 14. Be3
a6 15. Rad1 Bb4 16. Bd2 Rd4 17. Nb1 Bc5 18. Kh1 Nxe4 19. Be3 Rxd1 20. Rxd1 Bxe3
21. Re1 Nf2+ 22. Kg1 Bb6 0-1

[Event "Cto de Aragon por Equipos - Preferente Grupo II"]
[Site ""]
[Date "2022.03.19"]
[Round "8.55"]
[White "Gutierrez Mingueza, Ruben"]
[Black "Veras Sanz, Marino"]
[Result "1/2-1/2"]
[WhiteElo "2043"]
[BlackElo "2062"]
[PlyCount "0"]
[WhiteTeam "San Jose"]
[BlackTeam "El Olivar B"]
[EventDate "2022.01.29"]

1. c4 c5 2. g3 g6 3. Bg2 Bg7 4. Nc3 Nc6 5. e4 Nf6 6. Nge2 O-O 7. O-O Ne8 8. d3
Nc7 9. Be3 Ne6 10. f4 Ned4 11. f5 d6 12. fxg6 hxg6 13. Qd2 Bg4 14. Nf4 Ne5 15.
h3 Bf3 16. Bxd4 cxd4 17. Bxf3 dxc3 18. bxc3 Qa5 19. Rac1 Bh6 20. Qc2 Qc5+ 21.
d4 Nxf3+ 22. Rxf3 Qxc4 1/2-1/2

[Event "Cto de Aragon por Equipos - Preferente Grupo II"]
[Site ""]
[Date "2022.03.19"]
[Round "8.56"]
[White "Gracia Campo, Carlos Alberto"]
[Black "Ferreruela Romero, Jose Joaquin"]
[Result "1/2-1/2"]
[WhiteElo "2019"]
[BlackElo "2007"]
[PlyCount "0"]
[WhiteTeam "El Olivar B"]
[BlackTeam "San Jose"]
[EventDate "2022.01.29"]

1. e4 c6 2. d4 d5 3. exd5 cxd5 4. c4 Nf6 5. Nc3 e6 6. Bg5 Be7 7. Nf3 O-O 8. Bd3
dxc4 9. Bxc4 Nbd7 10. O-O Nb6 11. Bd3 Bd7 12. Ne5 Bc6 13. Nxc6 bxc6 14. Rc1 Qd7
15. Qf3 Rfd8 16. Rfd1 Nbd5 17. Ne4 Nxe4 18. Bxe7 Nxe7 19. Bxe4 Rab8 20. b3 Rb6
21. Qe2 g6 22. Rc3 Rb4 23. Rc4 Qd6 24. Bf3 Rxc4 25. bxc4 Nf5 26. d5 exd5 27.
cxd5 c5 28. g3 Nd4 29. Qd3 Rb8 30. Bg2 h5 31. h4 Qb6 32. Rc1 Re8 33. Rb1 c4 34.
Rxb6 cxd3 35. Rb1 Ne2+ 36. Kf1 Nc3 37. Re1 Rxe1+ 38. Kxe1 Nxa2 39. Kd2 Nb4 40.
Kc3 a5 41. Bf3 Kf8 42. Kb3 Ke7 43. Ka4 Kd6 44. Kxa5 Nxd5 45. Kb5 Nf6 46. Kc4 d2
47. Kd3 Ng4 48. Bxg4 hxg4 49. Kxd2 1/2-1/2

[Event "Cto de Aragon por Equipos - Preferente Grupo II"]
[Site ""]
[Date "2022.03.19"]
[Round "8.57"]
[White "Serrano San Nicolas, Angel"]
[Black "Bailo Remacha, Santiago"]
[Result "0-1"]
[WhiteElo "1961"]
[BlackElo "1940"]
[PlyCount "0"]
[WhiteTeam "San Jose"]
[BlackTeam "El Olivar B"]
[EventDate "2022.01.29"]

1. e4 c5 2. Nf3 d6 3. b4 Nf6 4. bxc5 Nxe4 5. cxd6 Nxd6 6. Bd3 Nc6 7. h3 e5 8.
O-O e4 9. Re1 f5 10. Bf1 Qf6 11. Nc3 Be7 12. Nh2 Be6 13. Rb1 O-O 14. Bb2 Qg6
15. Kh1 f4 16. d4 Bf5 17. Nd5 Bg5 18. Ng4 e3 19. Ne5 Nxe5 20. dxe5 Bxc2 21. Qg4
Ne4 22. Ne7+ Bxe7 23. Bc4+ Kh8 24. Qxg6 Nxf2+ 25. Kh2 Bxg6 26. Rbc1 Bb4 27. Bc3
Bxc3 28. Rxc3 Ne4 0-1

[Event "Cto de Aragon por Equipos - Preferente Grupo II"]
[Site ""]
[Date "2022.03.19"]
[Round "8.58"]
[White "Munoz Valles, Jorge"]
[Black "Palomar Ramon, Santiago"]
[Result "1-0"]
[WhiteElo "1851"]
[BlackElo "1900"]
[PlyCount "0"]
[WhiteTeam "El Olivar B"]
[BlackTeam "San Jose"]
[EventDate "2022.01.29"]


1. d4 d5 2. c4 e6 3. Nc3 c6 4. Nf3 dxc4 5. a4 Bb4 6. e3 b5 7. Bd2 a5 8. axb5
Bxc3 9. Bxc3 cxb5 10. d5 Nf6 11. Nd4 Qxd5 12. Be2 Bb7 13. Bf3 Qd7 14. Nxe6 fxe6
15. Qxd7+ Nbxd7 16. Bxb7 Rb8 17. Bc6 Kf7 18. Rxa5 b4 19. Bd4 e5 20. Bxe5 Nxe5
21. Rxe5 c3 22. bxc3 b3 23. O-O b2 24. Rb1 Rhc8 25. Rb5 Ke7 26. R1xb2 Rxb5 27.
Bxb5 Rxc3 28. h3 Ne4 29. Kf1 Kd6 30. Ke2 Kc5 31. Bd3 Nxf2 32. Rc2 Rxc2+ 33.
Bxc2 Nh1 34. Kf3 h5 35. g4 h4 36. g5 Kd6 37. Kg4 Ng3 38. Bd3 Ke5 39. Kxh4 Nh1
40. Bc2 Ke6 41. Kg4 Nf2+ 42. Kg3 1-0

[Event "Cto de Aragon por Equipos - Preferente Grupo II"]
[Site ""]
[Date "2022.03.19"]
[Round "8.59"]
[White "Arrieta Restrepo, Steven"]
[Black "Iglesias Fernandez, Luis"]
[Result "1-0"]
[WhiteElo "2031"]
[BlackElo "1856"]
[PlyCount "0"]
[WhiteTeam "Monzon"]
[BlackTeam "Palacio De Pioneros C"]
[EventDate "2022.01.29"]

1. e4 e6 2. d4 d5 3. Bd3 dxe4 4. Bxe4 Nf6 5. Bf3 Bd6 6. Ne2 Nbd7 7. O-O O-O 8.
Ng3 e5 9. Nc3 exd4 10. Qxd4 Ne5 11. Be2 Ng6 12. Rd1 Qe7 13. Bg5 Be5 14. Qe3 Be6
15. f4 Bxc3 16. Qxc3 h6 17. Bxf6 gxf6 18. f5 Bxf5 19. Nxf5 Qxe2 20. Re1 Qa6 21.
Nxh6+ Kh7 22. Ng4 Kg7 23. Rf1 Qb6+ 24. Kh1 Rh8 25. Rxf6 Rxh2+ 26. Kxh2 Rh8+ 27.
Kg3 1-0

[Event "Cto de Aragon por Equipos - Preferente Grupo II"]
[Site ""]
[Date "2022.03.19"]
[Round "8.60"]
[White "Caballero Ortin, Jorge"]
[Black "Barranco Mananet, Fernando"]
[Result "0-1"]
[WhiteElo "1740"]
[BlackElo "1981"]
[PlyCount "0"]
[WhiteTeam "Palacio De Pioneros C"]
[BlackTeam "Monzon"]
[EventDate "2022.01.29"]


1. e4 e6 2. d4 d5 3. e5 c5 4. c3 Nc6 5. Nf3 Qb6 6. Bd3 cxd4 7. cxd4 Bd7 8. O-O
Nxd4 9. Nxd4 Qxd4 10. Nc3 Qb6 11. a4 Ne7 12. Ra3 Nc6 13. Rb3 Qc7 14. Bf4 Qc8
15. Nb5 a6 16. Nd6+ Bxd6 17. exd6 e5 18. Bxe5 Nxe5 19. Re1 O-O 20. Rxe5 Bxa4
21. Bxh7+ Kxh7 22. Qh5+ Kg8 23. Rc3 g6 24. Rg5 Qe6 25. Re3 Qf6 26. Rf3 Be8 0-1

[Event "Cto de Aragon por Equipos - Preferente Grupo II"]
[Site ""]
[Date "2022.03.19"]
[Round "8.61"]
[White "Hidalgo Gracia, Andres"]
[Black "Cacho Almorin, Javier"]
[Result "1/2-1/2"]
[WhiteElo "1817"]
[BlackElo "1648"]
[PlyCount "0"]
[WhiteTeam "Monzon"]
[BlackTeam "Palacio De Pioneros C"]
[EventDate "2022.01.29"]

1. e4 e5 2. Nf3 Nc6 3. Bc4 Bc5 4. c3 Nf6 5. d3 d6 6. h3 Be6 7. Bb5 h6 8. O-O
Qd7 9. d4 exd4 10. cxd4 Bb6 11. d5 Bxh3 12. gxh3 Qxh3 13. dxc6 O-O 14. Be3 Bxe3
15. fxe3 Qg4+ 16. Kh1 Qh5+ 17. Nh2 Qxb5 18. cxb7 Qxb7 19. Nd2 Nxe4 20. Nxe4
Qxe4+ 21. Qf3 Qe5 22. b3 Rae8 23. Rae1 d5 24. Qf4 Qe4+ 25. Kg1 Qg6+ 26. Qg4 Qd6
27. Qd4 Qg6+ 28. Kh1 c6 29. Rf4 Re4 30. Rxe4 Qxe4+ 31. Qxe4 dxe4 32. Rd1 a5 33.
Rd7 a4 34. bxa4 Rb8 35. Kg2 Rb2+ 36. Kg3 Rxa2 37. Ra7 c5 38. Ng4 c4 39. Kf4 f6
40. Kxe4 h5 41. Nxf6+ gxf6 42. Kd4 h4 43. Ra5 h3 44. Rh5 h2 45. a5 1/2-1/2

[Event "Cto de Aragon por Equipos - Preferente Grupo II"]
[Site ""]
[Date "2022.03.19"]
[Round "8.62"]
[White "Jario Garcia, Ricardo"]
[Black "Escuer Sanchez, Nestor"]
[Result "0-1"]
[WhiteElo "2010"]
[BlackElo "2057"]
[PlyCount "0"]
[WhiteTeam "Marcos Frechin B"]
[BlackTeam "Enroque de Barbastro"]
[EventDate "2022.01.29"]

1. e4 e6 2. Qe2 Nf6 3. Nf3 d5 4. e5 Nfd7 5. g3 c5 6. Bg2 Nc6 7. O-O g5 8. h3 h5
9. d3 g4 10. hxg4 hxg4 11. Nh2 Nd4 12. Qd1 Nxe5 13. Nxg4 Nxg4 14. Qxg4 Qf6 15.
c3 Qg6 16. Qd1 Nf5 17. Bf4 Bh6 18. Re1 Bxf4 19. Qa4+ Bd7 20. Qxf4 O-O-O 21. d4
Qh7 22. Nd2 Qh2+ 23. Kf1 Bb5+ 24. c4 dxc4 25. d5 c3+ 26. Nc4 Rh4 0-1

[Event "Cto de Aragon por Equipos - Preferente Grupo II"]
[Site ""]
[Date "2022.03.19"]
[Round "8.63"]
[White "Campo Pelegrin, Ramon"]
[Black "Garcia Mendez, Beatriz"]
[Result "1-0"]
[WhiteElo "1787"]
[BlackElo "1692"]
[PlyCount "0"]
[WhiteTeam "Enroque de Barbastro"]
[BlackTeam "Marcos Frechin B"]
[EventDate "2022.01.29"]

1. e4 c5 2. Nc3 Nc6 3. f4 g6 4. Nf3 Bg7 5. g3 e6 6. d3 Nge7 7. Bg2 d5 8. O-O
O-O 9. Ne2 Qc7 10. c3 Rd8 11. Qc2 b6 12. Be3 Bb7 13. Rad1 Rac8 14. Bf2 Qb8 15.
Qb1 Ba6 16. Rfe1 dxe4 17. dxe4 Rxd1 18. Qxd1 Rd8 19. Qa4 Bd3 20. Nc1 b5 21. Qa3
b4 22. cxb4 cxb4 23. Qb3 Qb5 24. Nxd3 Qxd3 25. Qxd3 Rxd3 26. e5 a5 27. Rc1 Nd8
28. Bb6 a4 29. Ne1 Rd7 30. Ba5 f6 31. Bxb4 fxe5 32. Bxe7 Rxe7 33. Rc8 Re8 34.
fxe5 Bxe5 35. Nd3 Bd4+ 36. Kf1 Rf8+ 37. Ke2 e5 38. Ra8 Kg7 39. Rxa4 Kf6 40.
Ra6+ Kf5 41. b4 Ne6 42. Bh3+ 1-0

[Event "Cto de Aragon por Equipos - Preferente Grupo II"]
[Site ""]
[Date "2022.03.19"]
[Round "8.64"]
[White "Perez Tomas, Juan Manuel"]
[Black "Delgado Pascual, Hugo"]
[Result "1-0"]
[WhiteElo "1638"]
[BlackElo "1704"]
[PlyCount "0"]
[WhiteTeam "Marcos Frechin B"]
[BlackTeam "Enroque de Barbastro"]
[EventDate "2022.01.29"]

1. e4 c5 2. Ne2 d6 3. g3 Nf6 4. Bg2 Nc6 5. c3 g6 6. O-O Bg7 7. d4 cxd4 8. cxd4
O-O 9. Nbc3 Bg4 10. h3 Bxe2 11. Nxe2 e6 12. Be3 Rc8 13. Rc1 Qd7 14. Nf4 Rfd8
15. d5 exd5 16. Nxd5 Nxd5 17. exd5 Ne7 18. Qb3 b6 19. Qa3 Nf5 20. Rc6 Ne7 21.
Rcc1 Nf5 22. Bg5 f6 23. Bd2 Nd4 24. Qd3 f5 25. Bc3 Qb5 26. Qxb5 Nxb5 27. Bxg7
Kxg7 28. Rfe1 Kf7 29. Bf1 Nd4 30. Ba6 Nf3+ 31. Kf1 Rxc1 32. Rxc1 Rd7 33. Bc8
Re7 34. Be6+ Kf6 35. Rc6 Nd4 36. Rxd6 Nxe6 37. f4 Kf7 38. dxe6+ Rxe6 39. Rd7+
Re7 40. Rxe7+ Kxe7 41. Ke2 Kd6 42. Kd2 Kc6 43. g4 fxg4 44. hxg4 Kd5 45. Ke3 h5
46. f5 gxf5 47. gxh5 Ke5 48. h6 Kf6 49. Kf4 Kg6 50. h7 Kxh7 51. Kxf5 Kg7 52.
Ke5 Kf7 53. Kd5 Ke7 54. Kc6 Ke6 55. Kb7 Kd5 56. Kxa7 Kc5 57. Ka6 Kc6 58. b4 Kc7
59. b5 Kb8 60. Kxb6 Ka8 1-0

[Event "Cto de Aragon por Equipos - Preferente Grupo II"]
[Site ""]
[Date "2022.03.19"]
[Round "8.65"]
[White "Carrera Angulo, Nicolas"]
[Black "Guerra Malo, Adrian"]
[Result "1/2-1/2"]
[WhiteElo "1472"]
[BlackElo "1317"]
[PlyCount "0"]
[WhiteTeam "Enroque de Barbastro"]
[BlackTeam "Marcos Frechin B"]
[EventDate "2022.01.29"]

1. e4 c5 2. Nf3 g6 3. d4 cxd4 4. Nxd4 Bg7 5. c4 Nc6 6. Nc2 Nf6 7. Nc3 O-O 8.
Bg5 Qa5 9. Qd2 d6 10. Rd1 Nd7 11. Bh6 Bxc3 12. Qxc3 Qxc3+ 13. bxc3 Re8 14. Ne3
Rd8 15. Nd5 Nc5 16. f3 Be6 17. Be2 f6 18. Be3 Rac8 19. Bxc5 dxc5 20. Kf2 b6 21.
Rd2 Kf8 22. Rhd1 g5 23. g3 h6 24. g4 Bxd5 25. cxd5 Ne5 26. Bb5 Rd6 1/2-1/2

[Event "Cto de Aragon por Equipos - Preferente Grupo II"]
[Site ""]
[Date "2022.03.19"]
[Round "8.66"]
[White "Osorio Marin, Alejandro"]
[Black "Vallverdu Miret, Oscar"]
[Result "0-1"]
[WhiteElo "1960"]
[BlackElo "2111"]
[PlyCount "0"]
[WhiteTeam "Shatranj"]
[BlackTeam "Fraga"]
[EventDate "2022.01.29"]

1. Nf3 d5 2. b3 Nf6 3. Bb2 g6 4. Bxf6 exf6 5. g3 Bg7 6. d4 O-O 
7. Bg2 c6 8. O-O Na6 9. Nbd2 Re8 10. c4 Be6 11. c5 Qd7 12. a3 Nc7 
13. b4 h5 14. Nb1 Bg4 15. Nc3 Bh6 16. Rb1 a6 17. a4 Qe6 18. Re1 Kg7 
19. b5 axb5 20. axb5 Ra3 21. Rb3 Rxb3 22. Qxb3 Bxf3 23. Bxf3 Bd2 
24. Ra1 Bxc3 25. Qxc3 Nxb5 26. Qb2 Qf5 27. Bg2 h4 28. e3 hxg3 29. hxg3 Rh8 
30. Ra5 Qh5 31. Qa1 Nc7 32. Ra7 Ne6 33. Rxb7 Qh2+ 34. Kf1 Qh1+ 35. Bxh1 Rxh1+ 
36. Ke2 Rxa1 0-1

[Event "Cto de Aragon por Equipos - Preferente Grupo II"]
[Site ""]
[Date "2022.03.19"]
[Round "8.67"]
[White "Chine Infantes, Miguel Angel"]
[Black "Franco Ibanez, Carlos"]
[Result "1/2-1/2"]
[WhiteElo "1811"]
[BlackElo "1913"]
[PlyCount "0"]
[WhiteTeam "Fraga"]
[BlackTeam "Shatranj"]
[EventDate "2022.01.29"]

1. e4 e5 2. Nf3 Nc6 3. Bc4 Bc5 4. d3 Nf6 5. Nc3 d6 6. h3 Na5 
7. Bb3 Nxb3 8. axb3 a6 9. Bg5 h6 10. Bh4 g5 11. Bg3 O-O 
12. Qd2 Nh5 13. Nd5 Nxg3 14. fxg3 f5 15. h4 c6 16. hxg5 cxd5 
17. Rxh6 f4 18. Nh4 Bg4 19. Rg6+ Kh7 20. Rh6+ Kg7 21. Rg6+ Kh7 
1/2-1/2

[Event "Cto de Aragon por Equipos - Preferente Grupo II"]
[Site ""]
[Date "2022.03.19"]
[Round "8.68"]
[White "Ballonga Arruego, Alejandro"]
[Black "Chesa Chavarria, Aurelio"]
[Result "0-1"]
[WhiteElo "1676"]
[BlackElo "1693"]
[PlyCount "0"]
[WhiteTeam "Shatranj"]
[BlackTeam "Fraga"]
[EventDate "2022.01.29"]

1. c4 c5 2. Nc3 Nc6 3. Nf3 g6 4. g3 Bg7 5. Bg2 e6 6. h4 h5 
7. d3 Nge7 8. Bg5 d6 9. Qd2 Qd7 10. Ne4 Ng8 11. Rb1 b6 
12. a3 d5 13. cxd5 exd5 14. Nc3 Nge7 15. O-O O-O 
16. Bh6 Bb7 17. Bxg7 Kxg7 18. Ng5 Rad8 19. Bh3 Qc7 20. Nb5 Qb8 
21. Qc3+ d4 22. Qd2 a6 23. Nc3 dxc3 24. Qxc3+ Qe5 0-1

[Event "Cto de Aragon por Equipos - Preferente Grupo II"]
[Site ""]
[Date "2022.03.19"]
[Round "8.69"]
[White "Agustin De Dios, Adrian"]
[Black "Alvaro Rada, Gonzalo"]
[Result "1-0"]
[WhiteElo "1684"]
[BlackElo "1272"]
[PlyCount "0"]
[WhiteTeam "Fraga"]
[BlackTeam "Shatranj"]
[EventDate "2022.01.29"]

1. e4 c6 2. Nc3 e5 3. Nf3 Qc7 4. Bc4 h6 5. d3 b5 6. Bb3 Nf6 
7. a3 g5 8. O-O Bg7 9. Ne2 O-O 10. Ng3 d6 11. c3 Bg4 
12. h3 Bd7 13. Nh2 Be6 14. Bc2 Nbd7 15. Nh1 Nh7 16. a4 d5 
1-0

[Event "Cto de Aragon por Equipos - Preferente Grupo II"]
[Site ""]
[Date "2022.03.26"]
[Round "9.52"]
[White "Vallverdu Miret, Oscar"]
[Black "Sanjulian Arruga, Pablo"]
[Result "1/2-1/2"]
[WhiteElo "2111"]
[BlackElo "1888"]
[PlyCount "0"]
[WhiteTeam "Fraga"]
[BlackTeam "MyInvestor Casablanca C"]
[EventDate "2022.01.29"]

1. d4 Nf6 2. Bg5 c5 3. Bxf6 gxf6 4. d5 f5 5. c4 Bg7 6. Nc3 d6 7. e3 Nd7 8. Nf3
Ne5 9. Nxe5 Bxe5 10. Qd2 Bd7 11. Be2 a6 12. Rb1 Rg8 13. g3 Rb8 14. O-O b5 15.
cxb5 axb5 16. b4 c4 17. Rfc1 Kf8 18. a4 bxa4 19. Bxc4 Rg4 20. f4 Bf6 21. Be2
Rg8 22. Bd1 Ra8 23. Rc2 Kg7 24. Ra2 a3 25. Rb3 Qb6 26. Nb1 Rgb8 27. Kf2 Ra4 28.
Raxa3 Rxb4 29. Rxb4 Qxb4 30. Rb3 Qxd2+ 31. Nxd2 Rxb3 32. Bxb3 Bb5 33. Nf3 Bd3
34. h3 Bc3 35. Ng1 h6 36. Nf3 Be4 37. Ng1 Bd3 38. Ba2 Kg6 39. Bb3 Kg7 40. Bd1
Be4 41. Bf3 Bd3 42. g4 fxg4 43. hxg4 f5 44. Nh3 Kg6 45. Ng1 Bd2 46. Nh3 Bc3 47.
Ng1 Bd2 48. Ne2 fxg4 49. Bxg4 Bxe2 50. Kxe2 Bc3 51. Kf3 Kf6 52. Bh5 Bb2 53. e4
e6 54. dxe6 Kxe6 55. Bg4+ Kf6 56. Bc8 Bc3 57. Kg4 Bd2 58. Bd7 Bc1 59. Be8 Bd2
1/2-1/2

[Event "Cto de Aragon por Equipos - Preferente Grupo II"]
[Site ""]
[Date "2022.03.26"]
[Round "9.53"]
[White "Ruiz Fernandez, Daniel"]
[Black "Aribau Rivas, Miguel Angel"]
[Result "0-1"]
[WhiteElo "1803"]
[BlackElo "2024"]
[PlyCount "0"]
[WhiteTeam "MyInvestor Casablanca C"]
[BlackTeam "Fraga"]
[EventDate "2022.01.29"]

1. e4 c5 2. Nf3 e6 3. d4 cxd4 4. Nxd4 a6 5. Bd3 Nf6 6. Qe2 d6 7. O-O Be7 8. c4
Nc6 9. Nxc6 bxc6 10. Nc3 e5 11. Rd1 O-O 12. h3 Re8 13. Be3 a5 14. b3 Nd7 15.
Na4 Bb7 16. Rac1 c5 17. Bc2 Qb8 18. f4 exf4 19. Bxf4 Bf8 20. Qd2 Ra6 21. Nc3
Nf6 22. Re1 Qa8 23. Nd5 Bxd5 24. exd5 Ra7 25. Bg5 Nd7 26. Rxe8 Qxe8 27. Re1 Ne5
28. Bf4 Re7 29. Kf1 a4 30. Bxe5 axb3 31. axb3 Rxe5 32. Rxe5 Qxe5 33. Qd3 g6 34.
Qe4 Qb2 35. Ke2 Bh6 36. Kf3 Kg7 37. Kg3 Qc1 38. Bd3 Qa3 39. Kh2 Qxb3 40. Be2
Qb2 41. Qf3 Qd2 42. Kg3 Bg5 43. Bd3 Bf6 44. h4 h5 45. Kh3 Qe1 46. Qe4 Qg1 47.
g3 Be5 48. Qf3 Qe1 49. Be2 Bd4 50. Qg2 Qc1 51. Bf3 Qb1 52. Be4 Qb3 53. Qe2 Qc3
54. Bg2 Be5 55. Qf3 Qc1 56. Qe2 f5 57. Qa2 Kf6 58. Qe2 Kf7 59. Qa2 Qe3 60. Kh2
Bxg3+ 0-1

[Event "Cto de Aragon por Equipos - Preferente Grupo II"]
[Site ""]
[Date "2022.03.26"]
[Round "9.54"]
[White "Chine Infantes, Miguel Angel"]
[Black "Bello Cera, Raul"]
[Result "1/2-1/2"]
[WhiteElo "1811"]
[BlackElo "1641"]
[PlyCount "0"]
[WhiteTeam "Fraga"]
[BlackTeam "MyInvestor Casablanca C"]
[EventDate "2022.01.29"]

1. e4 e5 2. Nf3 Nc6 3. Bc4 Nf6 4. Nc3 Nxe4 5. Nxe4 d5 6. Bxd5 Qxd5 7. d3 Bg4 8.
h3 Bh5 9. g4 Bg6 10. Qe2 O-O-O 11. Bd2 f6 12. Nc3 Qd7 13. O-O-O Bc5 14. Ne4 Bb6
15. Be3 Bxe3+ 16. Qxe3 Nd4 17. Nxd4 exd4 18. Qf4 Qd5 19. Kb1 Rhe8 20. Rhe1 Bf7
21. b3 Qa5 22. Qd2 Qa6 23. Qb4 b6 24. Ng3 c5 25. Qd2 Qb7 26. Rxe8 Bxe8 27. Re1
Bg6 28. Qf4 Qc7 29. Qf3 Rd7 30. Nf5 Kd8 31. Qe4 Qb7 32. Qf4 Qc7 33. Qe4 Qb7 34.
Qf4 Qc7 35. Qe4 Qb7 1/2-1/2

[Event "Cto de Aragon por Equipos - Preferente Grupo II"]
[Site ""]
[Date "2022.03.26"]
[Round "9.55"]
[White "Perez Artigues, Ramon"]
[Black "Chesa Chavarria, Aurelio"]
[Result "1-0"]
[WhiteElo "1145"]
[BlackElo "1693"]
[PlyCount "0"]
[WhiteTeam "MyInvestor Casablanca C"]
[BlackTeam "Fraga"]
[EventDate "2022.01.29"]

1. e4 c5 2. d4 cxd4 3. c3 g6 4. Nf3 Bg7 5. Bc4 Nc6 6. cxd4 Qb6 7. e5 Qb4+ 8.
Nbd2 Nh6 9. O-O O-O 10. a3 Qb6 11. Nb3 Nf5 12. g4 Nh6 13. h3 d6 14. Be3 Qd8 15.
Qe2 dxe5 16. dxe5 b6 17. Rfd1 Qc7 18. Bf4 Be6 19. Rac1 Rad8 20. Nbd4 Nxd4 21.
Nxd4 Bxc4 22. Rxc4 Qb7 23. Qc2 Rc8 24. Rc1 Rxc4 25. Qxc4 Qe4 26. Ne2 Qb7 27.
Qc6 Qa6 28. Nc3 Rc8 29. Qd7 e6 30. Nb5 Rxc1+ 31. Bxc1 Qa4 32. Qd8+ Bf8 33. Bxh6
1-0

[Event "Cto de Aragon por Equipos - Preferente Grupo II"]
[Site ""]
[Date "2022.03.26"]
[Round "9.56"]
[White "Avellanas Pau, Miguel Angel"]
[Black "Osorio Marin, Alejandro"]
[Result "1-0"]
[WhiteElo "1824"]
[BlackElo "1960"]
[PlyCount "0"]
[WhiteTeam "Enroque de Barbastro"]
[BlackTeam "Shatranj"]
[EventDate "2022.01.29"]

1. e4 c5 2. c3 Nf6 3. e5 Nd5 4. d4 cxd4 5. cxd4 d6 6. Bb5+ Nc6 7. Ne2 e6 8. O-O
Bd7 9. Nbc3 Nxc3 10. Nxc3 dxe5 11. dxe5 a6 12. Ba4 Nxe5 13. Bf4 Bxa4 14. Qxa4+
Nc6 15. Rad1 Qa5 16. Qb3 Qb4 17. Qxb4 Bxb4 18. Ne4 e5 19. Be3 O-O 20. Rd7 f5
21. Ng5 Be7 22. f4 Bxg5 23. fxg5 f4 24. Bb6 Rf7 25. Rfd1 Raf8 26. Bc5 Rxd7 27.
Rxd7 Rf7 28. Rd6 Re7 29. Rxc6 bxc6 30. Bxe7 Kf7 31. Bc5 Ke6 32. Kf2 Kf5 33. g3
Kxg5 34. Kf3 fxg3 35. hxg3 Kf5 36. g4+ Kg5 37. Be3+ Kg6 38. Ke4 h5 39. gxh5+
Kxh5 40. Kxe5 1-0

[Event "Cto de Aragon por Equipos - Preferente Grupo II"]
[Site ""]
[Date "2022.03.26"]
[Round "9.57"]
[White "Franco Ibanez, Carlos"]
[Black "Delgado Pascual, Hugo"]
[Result "1-0"]
[WhiteElo "1913"]
[BlackElo "1704"]
[PlyCount "0"]
[WhiteTeam "Shatranj"]
[BlackTeam "Enroque de Barbastro"]
[EventDate "2022.01.29"]

1. d4 d5 2. c4 e6 3. Nf3 a6 4. cxd5 exd5 5. Nc3 Nf6 6. Bg5 Be6 7. e3 Be7 8. Bd3
c5 9. dxc5 Bxc5 10. Nd4 h6 11. Nxe6 fxe6 12. Bg6+ Ke7 13. Bh4 Nc6 14. O-O Ne5
15. Bc2 Rc8 16. Rc1 Nc4 17. Na4 Nxe3 18. fxe3 Bxe3+ 19. Kh1 Bxc1 20. Qxc1 Qc7
21. Rf2 Qc4 22. Bxf6+ gxf6 23. Nb6 Qh4 24. Nxc8+ Rxc8 25. Qd2 Qg5 26. Qxg5 fxg5
27. g4 e5 28. Rd2 Rc5 29. Kg2 e4 30. Bb3 Ke6 31. Kf2 Ke5 32. Ke3 b5 33. a3 a5
34. Rd4 Kd6 35. Rd1 Ke5 36. Rd2 Ke6 37. Rxd5 Rxd5 38. Kxe4 1-0

[Event "Cto de Aragon por Equipos - Preferente Grupo II"]
[Site ""]
[Date "2022.03.26"]
[Round "9.58"]
[White "Jimenez Azlor, Hugo"]
[Black "Ballonga Arruego, Alejandro"]
[Result "1/2-1/2"]
[WhiteElo "1554"]
[BlackElo "1676"]
[PlyCount "0"]
[WhiteTeam "Enroque de Barbastro"]
[BlackTeam "Shatranj"]
[EventDate "2022.01.29"]

1. e4 e6 2. d4 d5 3. e5 c5 4. c3 Qb6 5. f4 Bd7 6. Nf3 Bb5 7. Bxb5+ Qxb5 8. Qe2
Qxe2+ 9. Kxe2 Nc6 10. dxc5 Bxc5 11. Be3 Bxe3 12. Kxe3 Nge7 13. Na3 a6 14. Rac1
b5 15. Rhf1 Nf5+ 16. Kf2 h5 17. Ng5 Ke7 18. Nc2 Rac8 19. Ne3 Nxe3 20. Kxe3 f6
21. Nf3 a5 22. Nd4 fxe5 23. Nxc6+ Rxc6 24. fxe5 Rc4 25. Rce1 Rhc8 26. Rf3 Re4+
27. Kd2 Rcc4 28. Rfe3 Rxe3 29. Rxe3 Rf4 30. Ke2 b4 31. Kd3 Rf2 32. Re2 Rxe2 33.
Kxe2 bxc3 34. bxc3 Kd7 35. a4 Kc6 36. Kd3 Kc5 37. h4 g6 38. g3 Kc6 1/2-1/2